| 000 | 00746nam a2200217 i 4500 | ||
|---|---|---|---|
| 001 | 187782 | ||
| 003 | ES-MaACL | ||
| 005 | 20230906223028.0 | ||
| 008 | 180221s1961 sp |||| | spa d | ||
| 100 | 0 |
_aChoay, Françoise. _938579 |
|
| 245 | 1 | 0 |
_aLe Corbusier / _cpor Françoise Choay ; [versión... de Marcelo Miralles ; edición... revisada por Luis M. Aragó]. |
| 260 |
_aBarcelona : _bBruguera, _c[1961] |
||
| 300 |
_a126 p., lám. 1-87 ; _c26 cm. |
||
| 490 | 1 | _aMaestros de la Arquitectura Mundial | |
| 600 | 0 | 4 |
_aLe Corbusier. _970860 |
| 700 | 1 |
_aMiralles, Marcelo. _981496 |
|
| 700 | 0 |
_aAragó, Luis María. _922167 |
|
| 830 | 0 |
_aMaestros de la Arquitectura Mundial _9192833 |
|
| 852 |
_aES-MaACL _jE-3954 |
||
| 999 |
_c187782 _d187782 |
||